<?xml version="1.0" encoding="UTF-8"?>
<record
    xmlns:xsi="http://www.w3.org/2001/XMLSchema-instance"
    xsi:schemaLocation="http://www.loc.gov/MARC21/slim http://www.loc.gov/standards/marcxml/schema/MARC21slim.xsd"
    xmlns="http://www.loc.gov/MARC21/slim">

  <leader>01548nam a22002417a 4500</leader>
  <controlfield tag="005">20240207113456.0</controlfield>
  <controlfield tag="008">240207b           ||||| |||| 00| 0 eng d</controlfield>
  <datafield tag="020" ind1=" " ind2=" ">
    <subfield code="a">9789358892338</subfield>
  </datafield>
  <datafield tag="040" ind1=" " ind2=" ">
    <subfield code="c">AL</subfield>
  </datafield>
  <datafield tag="041" ind1=" " ind2=" ">
    <subfield code="a">eng</subfield>
  </datafield>
  <datafield tag="082" ind1=" " ind2=" ">
    <subfield code="2">23</subfield>
    <subfield code="a">351.3</subfield>
    <subfield code="b">ARIU</subfield>
  </datafield>
  <datafield tag="100" ind1=" " ind2=" ">
    <subfield code="a">Arihant</subfield>
    <subfield code="9">149862</subfield>
  </datafield>
  <datafield tag="245" ind1=" " ind2=" ">
    <subfield code="a">UPSC 2024 IAS Prelims Twenty Nine Years:</subfield>
    <subfield code="b">Solved Papers 1995-2023</subfield>
  </datafield>
  <datafield tag="260" ind1=" " ind2=" ">
    <subfield code="a">New Delhi</subfield>
    <subfield code="b">Arihant Publications India Limited</subfield>
    <subfield code="c">2024</subfield>
  </datafield>
  <datafield tag="300" ind1=" " ind2=" ">
    <subfield code="a">xiv,839p.</subfield>
    <subfield code="b">PB</subfield>
    <subfield code="c">27x21cm.</subfield>
  </datafield>
  <datafield tag="365" ind1=" " ind2=" ">
    <subfield code="2">Competitive Exam</subfield>
    <subfield code="a">7548</subfield>
    <subfield code="b">556.00</subfield>
    <subfield code="c">&#x20B9;</subfield>
    <subfield code="d">695.00</subfield>
    <subfield code="e">20%</subfield>
    <subfield code="f">05-02-2024</subfield>
  </datafield>
  <datafield tag="520" ind1=" " ind2=" ">
    <subfield code="a">BOOK STRUCTURE
UPSC (IAS) Solved Papers 2023
Entire syllabus covered in 2 Parts
Mains Exam PYQs
BOOK FEATURES
Provides Previous Years&#x2019; Papers from 1995-2023
Structured in a Chapterwise-Topicwise manner
Proper reference of the previous years&#x2019;
Detailed explanation with updated facts in each question
5 Years&#x2019; Trend analysis and Preparation strategy
Topicwise MAINS questions (Essay &amp; GS I, II, III, IV) for practice
More than 3500 revision bullets for last-minute revision
UPSC (IAS) 2023 Solved Papers to analyze the exam trend
WHY THIS BOOK?
15TH Revised edition of &#x201C;UPSC 2024 IAS PRELIMS 29 YEARS&#x2019; CHAPTERWISE-TOPICWISE SOLVED PAPERS (1995-2023)
About the Exam, Plan of the Exam, and detailed syllabus are given at the end
Subjectwise Strategy and Trend Analysis of Paper I &amp; II are also given</subfield>
  </datafield>
  <datafield tag="650" ind1=" " ind2=" ">
    <subfield code="a">UPSC Competitive Exam</subfield>
    <subfield code="9">149858</subfield>
  </datafield>
  <datafield tag="650" ind1=" " ind2=" ">
    <subfield code="a">General Studies</subfield>
    <subfield code="9">149859</subfield>
  </datafield>
  <datafield tag="650" ind1=" " ind2=" ">
    <subfield code="a">CSAT</subfield>
    <subfield code="9">149860</subfield>
  </datafield>
  <datafield tag="700" ind1=" " ind2=" ">
    <subfield code="a">ARIHANT</subfield>
    <subfield code="9">149861</subfield>
  </datafield>
  <datafield tag="942" ind1=" " ind2=" ">
    <subfield code="2">ddc</subfield>
    <subfield code="c">BK</subfield>
  </datafield>
  <datafield tag="999" ind1=" " ind2=" ">
    <subfield code="c">229745</subfield>
    <subfield code="d">229745</subfield>
  </datafield>
  <datafield tag="952" ind1=" " ind2=" ">
    <subfield code="0">0</subfield>
    <subfield code="1">0</subfield>
    <subfield code="2">ddc</subfield>
    <subfield code="4">0</subfield>
    <subfield code="7">0</subfield>
    <subfield code="8">OTH</subfield>
    <subfield code="a">AL</subfield>
    <subfield code="b">AL</subfield>
    <subfield code="d">2024-02-07</subfield>
    <subfield code="e">Biblios Book Point Surathkal Mangalore 575014</subfield>
    <subfield code="g">556.00</subfield>
    <subfield code="l">2</subfield>
    <subfield code="o">351.3 ARIU</subfield>
    <subfield code="p">077086</subfield>
    <subfield code="r">2024-03-13 00:00:00</subfield>
    <subfield code="s">2024-02-29</subfield>
    <subfield code="v">695.00</subfield>
    <subfield code="w">2024-02-07</subfield>
    <subfield code="y">BK</subfield>
  </datafield>
</record>
